Impact of wild asian elephant conservation on local community livelihood in koh kong province, ផលប៉ះពាល់នៃការអភិរក្សសត្តវដំរីព្រៃទៅលើជីវភាពសហគមន៍មូលដ្ឋាន ក្នុង ខេត្តកោះកុង (Record no. 3365)
[ view plain ]
| 000 -LEADER | |
|---|---|
| fixed length control field | 00683nam a22001577a 4500 |
| 003 - CONTROL NUMBER IDENTIFIER | |
| control field | OSt |
| 005 - DATE AND TIME OF LATEST TRANSACTION | |
| control field | 20151112150533.0 |
| 008 - FIXED-LENGTH DATA ELEMENTS--GENERAL INFORMATION | |
| fixed length control field | 151112b xxu||||| |||| 00| 0 eng d |
| 040 ## - CATALOGING SOURCE | |
| Transcribing agency | RUA |
| 082 ## - DEWEY DECIMAL CLASSIFICATION NUMBER | |
| Classification number | FOR LEY 2008 B135 Or.1 |
| 100 ## - MAIN ENTRY--PERSONAL NAME | |
| 9 (RLIN) | 3614 |
| Personal name | LEY, KIMSY. |
| 245 ## - TITLE STATEMENT | |
| Title | Impact of wild asian elephant conservation on local community livelihood in koh kong province, ផលប៉ះពាល់នៃការអភិរក្សសត្តវដំរីព្រៃទៅលើជីវភាពសហគមន៍មូលដ្ឋាន ក្នុង ខេត្តកោះកុង |
| 260 ## - PUBLICATION, DISTRIBUTION, ETC. (IMPRINT) | |
| Place of publication, distribution, etc. | Phnom Penh |
| Name of publisher, distributor, etc. | RUA |
| Date of publication, distribution, etc. | 2008 |
| 300 ## - PHYSICAL DESCRIPTION | |
| Extent | xii; 53p. |
| Other physical details | ill. |
| Dimensions | 29cm. |
| 942 ## - ADDED ENTRY ELEMENTS (KOHA) | |
| Source of classification or shelving scheme | |
| Koha item type | FOR |
| Price effective from | Date last seen | Permanent Location | Not for loan | Date acquired | Source of classification or shelving scheme | Koha item type | Lost status | Withdrawn status | Date last checked out | Total Checkouts | Shelving location | Damaged status | Barcode | Current Location | Full call number |
|---|---|---|---|---|---|---|---|---|---|---|---|---|---|---|---|
| 2015-11-12 | 2023-07-19 | Library Block B | 2015-11-12 | FOR | 2023-06-14 | 3 | B135 | RUA028424 | Library Block B | FOR LEY 2008 B135 Or.1 | |||||
| 2015-11-12 | 2015-11-12 | Library Block B | 2015-11-12 | FOR | B135 | RUA028420 | Library Block B | FOR LEY 2008 B135 Or.2 | |||||||
| 2015-11-12 | 2015-11-12 | Library Block B | 2015-11-12 | FOR | B135 | RUA028348 | Library Block B | FOR LEY 2008 B135 Or.3 | |||||||
| 2015-11-12 | 2015-11-12 | Library Block B | 2015-11-12 | FOR | B135 | RUA028276 | Library Block B | FOR LEY 2008 B135 Or.4 | |||||||
| 2015-11-12 | 2015-11-12 | Library Block B | 2015-11-12 | FOR | B135 | RUA028204 | Library Block B | FOR LEY 2008 B135 Or.5 | |||||||
| 2015-11-12 | 2015-11-12 | Library Block B | 2015-11-12 | FOR | B135 | RUA028133 | Library Block B | FOR LEY 2008 B135 Or.6 | |||||||
| 2015-11-13 | 2015-11-13 | Library Block B | 2015-11-13 | FOR | B135 | RUA027339 | Library Block B | FOR LEY 2008 B135 Or.7 | |||||||
| 2015-11-13 | 2015-11-13 | Library Block B | 2015-11-13 | FOR | B135 | RUA027476 | Library Block B | FOR LEY 2008 B135 Or.8 | |||||||
| 2015-11-13 | 2015-11-13 | Library Block B | 2015-11-13 | FOR | B136 | RUA043121 | Library Block B | FOR LEY 2008 B135 Or.9 | |||||||
| 2015-11-13 | 2015-11-13 | Library Block B | 2015-11-13 | FOR | B135 | RUA042785 | Library Block B | FOR LEY 2008 B135 Or.10 |